Normal view
MARC view
Entry Topical Term
001 - CONTROL NUMBER
- control field: 3620
003 - CONTROL NUMBER IDENTIFIER
- control field: BD-RjUL
005 - DATE AND TIME OF LATEST TRANSACTION
- control field: 20220615113318.0
008 - FIXED-LENGTH DATA ELEMENTS
- fixed length control field: 220615|| aca||aabn | a|a d
040 ## - CATALOGING SOURCE
- Original cataloging agency: BD-RjUL
- Transcribing agency: BD-RjUL
150 ## - HEADING--TOPICAL TERM
- Topical term or geographic name entry element: Biharis
- Geographic subdivision: Bangladesh
- General subdivision: Social life and customs
670 ## - SOURCE DATA FOUND
- Source citation: Work cat.: (BD-RjUL)79356: Rahman, Md. Mizanur 1258, Interpretations of identity and contested Boundaries :, 2007